Les français en Belgian Pro League (2020-2026) - Statistiques

Statistiques générales
  • Ce quiz a été pris 5 fois
  • Le résultat moyen est 4 sur 107
Statistiques - réponses
Nb de saisons Clubs Joueur % Correct
4 Anvers (2020-2024) Jean Butez
80%
1 Seraing (2022-2023) Mahamadou Dembélé
40%
3 Anderlecht (2020-2021, 2022-2023), Charleroi (2023-2024) Adrien Trebel
20%
1 La Louvière (2025-2026) Alexis Beka Beka
20%
1 Eupen (2022-2023) Djeidi Gassama
20%
2 Cercle Bruges (2023-2024), Bruges (2025-2026) Félix Lemaréchal
20%
1 Louvain (2020-2021) Jérémy Perbet
20%
2 Standard (2020-2022) Nicolas Gavory
20%
1 Charleroi (2020-2021) Nicolas Penneteau
20%
1 Seraing (2022-2023) Sambou Sissoko
20%
2 Bruges (2021-2023) Stanley Nsoki
20%
2 Courtrai (2020-2022) Teddy Chevalier
20%
4 Oostende (2021-2023), Courtrai (2023-2025) Thierry Ambrose
20%
3 Louvain (2020-2022), Standard (2025-2026) Thomas Henry
20%
1 Standard (2025-2026) Timothé Nkada
20%
1 Oostende (2021-2022) Vincent Koziello
20%
1 Charleroi (2025-2026) Yoann Cissé
20%
6 Zulte Waregem (2020-2023), Courtrai (2023-2025), Saint-Trond (2025-2026) Abdoulaye Sissako
0%
1 Seraing (2022-2023) Abou Ba
0%
2 Anderlecht (2023-2025), Charleroi (2024-2025) Alexis Flips
0%
2 Dender (2024-2026), Charleroi (2025-2026) Aurélien Scheidler
0%
1 Seraing (2021-2022) Benjamin Boulenger
0%
2 Eupen (2020-2022) Benoît Poulain
0%
2 Dender (2024-2026) Bryan Goncalves
0%
1 La Louvière (2025-2026) Bryan Soumaré
0%
1 Westerlo (2025-2026) Clinton Nsiala
0%
1 Beerschot (2024-2025) Colin Dagba
0%
1 Cercle Bruges (2025-2026) Dalangunypole Gomis
0%
4 Zulte Waregem (2020-2021), Saint-Gilloise (2021-2022), Charleroi (2022-2024) Damien Marcq
0%
1 Mouscron (2020-2021) Darly N'Landu
0%
1 Mouscron (2020-2021) Dimitri Mohamed
0%
1 La Louvière (2025-2026) Djibril Lamego
0%
1 Westerlo (2025-2026) Dylan Ourega
0%
1 Cercle Bruges (2025-2026) Edan Diop
0%
1 Standard (2020-2021) Eddy Sylvestre
0%
1 Malines (2021-2022) Elie Youan
0%
3 Mouscron (2020-2021), Saint-Trond (2022-2024) Eric Bocat
0%
3 Charleroi (2023-2026) Etienne Camara
0%
1 Bruges (2021-2022) Faitout Maouassa
0%
1 Louvain (2023-2024) Florian Miguel
0%
1 Charleroi (2025-2026) Freddy Mbemba
0%
1 Louvain (2020-2021) Frédéric Duplus
0%
1 Dender (2025-2026) Gauthier Gallon
0%
1 Cercle Bruges (2025-2026) Geoffrey Kondo
0%
2 Seraing (2021-2023) Gérald Kilota
0%
1 Cercle Bruges (2020-2021) Giulian Biancone
0%
1 Standard (2024-2025) Grejohn Kyei
0%
4 Seraing (2021-2023), Dender (2024-2026) Guillaume Dietsch
0%
1 Mouscron (2020-2021) Harlem Gnohéré
0%
1 Standard (2025-2026) Ibrahim Karamoko
0%
1 Mouscron (2020-2021) Imad Faraj
0%
3 Zulte Waregem (2020-2023) Jean-Luc Dompé
0%
1 Molenbeek (2023-2024) Jeff Reine-Adélaïde
0%
1 Anvers (2020-2021) Jérémy Gelin
0%
3 Charleroi (2023-2026) Jérémy Pétris
0%
1 Cercle Bruges (2020-2021) Jérémy Taravel
0%
1 Beveren (2020-2021) Jordan Faucher
0%
1 Courtrai (2021-2022) Joris Delle
0%
1 Charleroi (2025-2026) Jules Gaudin
0%
1 Cercle Bruges (2020-2021) Kévin Hoggas
0%
3 Oostende (2020-2021), Courtrai (2021-2023) Kévin Vandendriessche
0%
1 Cercle Bruges (2025-2026) Krys-Anthony Kouassi
0%
2 Beerschot (2024-2025), Saint-Trond (2025-2026) Loïc Mbe Soh
0%
1 Cercle Bruges (2022-2023) Louis Torres
0%
1 Cercle Bruges (2024-2025) Lucas Perrin
0%
2 Courtrai (2020-2022) Lucas Rougeaux
0%
1 Anvers (2025-2026) Mahamadou Diawara
0%
1 Seraing (2021-2022) Maïdine Douane
0%
2 Cercle Bruges (2023-2025) Malamine Efekele
0%
2 Dender (2024-2026) Malcolm Viltard
0%
1 Bruges (2025-2026) Mamadou Diakhon
0%
1 Zulte Waregem (2025-2026) Marley Aké
0%
1 Seraing (2022-2023) Marvin Tshibuabua
0%
2 Charleroi (2024-2026) Massamba Sow
0%
1 Standard (2021-2022) Mathieu Cafaro
0%
1 La Louvière (2025-2026) Matthis Riou
0%
1 La Louvière (2025-2026) Maxence Maisonneuve
0%
3 Louvain (2023-2026) Maxence Prévot
0%
3 Oostende (2020-2023) Maxime D'Arpino
0%
1 Anvers (2020-2021) Maxime Le Marchand
0%
1 La Louvière (2025-2026) Maxime Pau
0%
2 Molenbeek (2023-2024), Louvain (2024-2025) Mickaël Biron
0%
2 Courtrai (2023-2025) Mounaïm El Idrissy
0%
2 Eupen (2022-2024) Nathan Bitumazala
0%
1 Standard (2021-2022) Niels Nkounkou
0%
1 La Louvière (2025-2026) Nolan Gillot
0%
1 La Louvière (2025-2026) Owen Maës
0%
2 La Gantoise (2022-2024) Paul Nardi
0%
2 Cercle Bruges (2020-2022) Philippe Raux-Yao
0%
2 Beerschot (2020-2022) Pierre Bourdin
0%
2 Charleroi (2022-2024) Pierre Patron
0%
1 Seraing (2021-2022) Rayan Djédjé
0%
1 Charleroi (2020-2021) Rémy Descamps
0%
1 Saint-Trond (2025-2026) Ryan Merlen
0%
1 Anvers (2023-2024) Soumaïla Coulibaly
0%
1 Charleroi (2020-2021) Steeven Willems
0%
2 Cercle Bruges (2024-2026) Steve Ngoura
0%
3 Eupen (2021-2024) Teddy Alloh
0%
3 Oostende (2020-2023) Théo Ndicka
0%
1 Malines (2025-2026) Thérence Koudou
0%
3 Malines (2020-2023) Thibault Peyre
0%
2 Cercle Bruges (2020-2022) Thomas Didillon-Hödl
0%
1 Zulte Waregem (2020-2021) William Bianda
0%
3 Louvain (2020-2022), Molenbeek (2023-2024) Xavier Mercier
0%
1 La Louvière (2025-2026) Yllan Okou
0%
1 Louvain (2020-2021) Yohan Croizet
0%
4 Seraing (2021-2022), Louvain (2023-2026) Youssef Maziz
0%
Aucun quiz correspondant
Distribution des résultats
% des personnes avec chaque résultat
Percentile par nombre de réponses
Votre historique - résultats
Vous n’avez pas pris ce quiz